000 00516nam a2200217Ia 4500
003 OSt
005 20220918211956.0
006 a|||||r|||| 00| 0
007 ta
008 220917b |||||||| |||| 00| 0 eng d
024 _a126,534
037 _cTextual
040 _aARTS
_cARTS
_beng
041 _2eng
_aeng
082 _aW7xM6, J5
245 0 _aFamous Utopia of the renaissance
260 _c1955
650 _aPOLITICAL SCIENCE
942 _hW7xM6, J5
_cTEXL
_2CC
999 _c249676
_d249676